Fiscal policy to mitigate climate change <a> guide for policymakers
Guardado en:
| Otros Autores: | , , |
|---|---|
| Formato: | Libro |
| Lenguaje: | inglés |
| Publicado: |
Washington, D.C.
International Monetary Fund
2012
|
| Materias: | |
| Etiquetas: |
Sin Etiquetas, Sea el primero en etiquetar este registro!
|
MARC
| LEADER | 00000nam a2200000 4500 | ||
|---|---|---|---|
| 001 | 0221798 | ||
| 005 | 20240315115306.8 | ||
| 020 | |a 978-1-61635-393-3 | ||
| 041 | 0 | |a eng | |
| 044 | |a US | ||
| 245 | 1 | 0 | |a Fiscal policy to mitigate climate change |b <a> guide for policymakers |c editors: Ian W.H. Parry, Ruud de Mooij and Michael Keen |
| 264 | 1 | |a Washington, D.C. |b International Monetary Fund |c 2012 | |
| 300 | |a xx, 198 s. | ||
| 610 | 2 | 0 | |a zmeny klimatické |
| 610 | 2 | 0 | |a zdaňovanie |
| 610 | 2 | 0 | |a emisie |
| 610 | 2 | 0 | |a politika fiškálna |
| 610 | 2 | 0 | |a ceny |
| 700 | 1 | |a Parry, Ian W.H. | |
| 700 | 1 | |a Mooij, Ruud A. de | |
| 700 | 1 | |a Keen, Michael | |